[Event "Jm KP I 23-24 Hodonin-Rudice"]
[Site "Sportklub Hodonin"]
[Date "2024.01.07"]
[Round "30.6"]
[White "Toulec, Richard"]
[Black "Vlcko, Tomas"]
[Result "0-1"]
[WhiteElo "1700"]
[BlackElo "1860"]
[PlyCount "84"]
[SourceDate "2022.08.13"]

{255MB} 1. d4 1... Nf6 2. Nf3 g6 3. Bg5 Bg7 4. e3 d5 5. Nbd2 O-O 6. h3 c5 7.
Be2 Nc6 8. O-O cxd4 9. exd4 Ne4 10. Be3 Nd6 11. c3 b6 12. Bd3 Bf5 13. Bxf5 Nxf5
14. Bf4 Re8 15. Re1 Qd7 16. Ne5 Nxe5 17. Bxe5 f6 18. Bf4 e5 19. dxe5 fxe5 20.
Bh2 Rad8 21. Nf1 Qb5 22. Qc2 d4 23. cxd4 Nxd4 24. Qe4 Qxb2 25. Rac1 Qxa2 26.
Ra1 Qd5 27. Rxa7 Qxe4 28. Rxe4 b5 29. Rb7 Rc8 30. Re1 b4 31. Ne3 b3 32. Rb1 Rb8
33. Rxb8 Rxb8 34. Nc4 Rb5 35. f3 Ne2+ 36. Kf1 Nc3 37. Rc1 e4 38. Nb2 e3 39. Bg3
Ra5 40. Be1 e2+ 41. Kg1 Bd4+ 42. Kh1 Ra2 0-1

[Event "Jm KP I 23-24 Hodonin-Rudice"]
[Site "Sportklub Hodonin"]
[Date "2024.01.07"]
[Round "30.7"]
[White "Taptic, Filip"]
[Black "Crhonek, Vitezslav"]
[Result "1-0"]
[WhiteElo "1842"]
[BlackElo "1679"]
[PlyCount "105"]
[SourceDate "2022.08.13"]

{255MB} 1. e4 1... c5 2. Nc3 e6 3. f4 d5 4. d3 dxe4 5. dxe4 Qxd1+ 6. Nxd1 Bd7
7. Nc3 Nc6 8. Be3 O-O-O 9. O-O-O Nf6 10. Nf3 Be7 11. Be2 Ng4 12. Bg1 f6 13. h3
Nh6 14. g4 Nf7 15. Be3 Kc7 16. Rd2 Bc8 17. Rhd1 Rxd2 18. Rxd2 Rd8 19. Nb5+ Kb8
20. Rxd8 Nfxd8 21. e5 Nf7 22. Bd3 a6 23. Nc3 fxe5 24. Bxh7 exf4 25. Bxf4+ Bd6
26. Bxd6+ Nxd6 27. Ne4 Nxe4 28. Bxe4 Kc7 29. h4 Kd6 30. h5 Ne5 31. Nxe5 Kxe5
32. g5 b6 33. Kd2 Bd7 34. h6 gxh6 35. gxh6 Kf6 36. h7 Kg7 37. Ke3 e5 38. Bd3
Bc6 39. c3 a5 40. a3 a4 41. Be4 Bd7 42. Kf3 Be6 43. Bc6 Bf5 44. Bxa4 Bxh7 45.
b4 Kf6 46. bxc5 bxc5 47. Bc6 Bd3 48. a4 Ba6 49. Ke4 Ke6 50. Bd5+ Kd6 51. c4 Bc8
52. a5 Ba6 53. Kf5 1-0

[Event "Jm KP I 23-24 Hodonin-Rudice"]
[Site "Sportklub Hodonin"]
[Date "2024.01.07"]
[Round "30.8"]
[White "Klinkovsky, Jiri"]
[Black "Ling, Bronislav"]
[Result "1/2-1/2"]
[WhiteElo "1646"]
[BlackElo "1761"]
[PlyCount "42"]
[SourceDate "2022.08.13"]

{255MB} 1. e4 1... c5 2. Nf3 d6 3. Nc3 Nf6 4. d3 g6 5. Bd2 Bg7 6. Qc1 O-O 7.
Bh6 Nc6 8. h4 Bxh6 9. Qxh6 Ng4 10. Qd2 h5 11. Nd5 e6 12. Nf4 Qf6 13. c3 b5 14.
Be2 b4 15. Ng5 bxc3 16. bxc3 e5 17. Bxg4 Bxg4 18. Nd5 Qd8 19. Ne3 Bd7 20. Nc4
Qe7 21. Nf3 Kg7 1/2-1/2

[Event "Jm KP I 23-24 Loko Brno A- Rudice"]
[Site "?"]
[Date "2024.01.21"]
[Round "31.1"]
[White "Kratochvil, Josef"]
[Black "Rada, Michal"]
[Result "1-0"]
[WhiteElo "2240"]
[BlackElo "2099"]
[PlyCount "115"]
[EventDate "2023.10.22"]

1. d4 d5 2. c4 e6 3. Nc3 Nf6 4. Bg5 Be7 5. e3 O-O 6. Nf3 c6 7. Qc2 Nbd7 8.
O-O-O dxc4 9. Bxc4 b5 10. Bd3 h6 11. h4 a5 12. Ne5 Bb7 13. Kb1 Nd5 14. Nxd5
cxd5 15. Bxe7 Qxe7 16. Qc7 Bc8 17. Bxb5 Qd8 18. Qxd8 Rxd8 19. Bxd7 Bxd7 20. Rc1
f6 21. Nd3 Be8 22. Ka1 Ra7 23. Rc5 Kf8 24. Rhc1 Bg6 25. Nf4 Bf7 26. b3 g5 27.
Ne2 a4 28. Kb2 axb3 29. axb3 gxh4 30. Rh1 Rda8 31. Nc3 Kg7 32. Rxh4 Ra1 33.
Rg4+ Kf8 34. Rf4 Kg7 35. Rc7 R1a7 36. Rg4+ Kf8 37. Rxa7 Rxa7 38. Rh4 h5 39. b4
Ke7 40. Rh1 e5 41. Kb3 Ra8 42. Na4 exd4 43. exd4 Kd6 44. b5 Be8 45. Nc3 Rb8 46.
Kb4 Rc8 47. Rh4 Rc4+ 48. Kb3 Rc7 49. Rf4 Rf7 50. Rf5 Ke6 51. Rxd5 Rg7 52. g3
Rg4 53. Kc4 Ke7 54. b6 Bf7 55. b7 Rg8 56. Kc5 Bxd5 57. Nxd5+ Ke6 58. Nb6 1-0

[Event "Jm KP I 23-24 Loko Brno A- Rudice"]
[Site "?"]
[Date "2024.01.21"]
[Round "31.2"]
[White "Matzner, Radomil"]
[Black "Meduna, Eduard"]
[Result "0-1"]
[WhiteElo "1743"]
[BlackElo "2103"]
[PlyCount "134"]
[EventDate "2023.10.22"]

1. d4 Nf6 2. Nf3 e6 3. e3 d5 4. Bd3 Be7 5. O-O O-O 6. c4 c5 7. b3 b6 8. Bb2 Bb7
9. Nbd2 Nbd7 10. Qc2 h6 11. Rac1 Rc8 12. Rfe1 Qc7 13. h3 Rfd8 14. Ne5 dxc4 15.
bxc4 cxd4 16. exd4 Nxe5 17. dxe5 Nd7 18. Bh7+ Kh8 19. Be4 Bxe4 20. Qxe4 Nc5 21.
Qc2 Nd3 22. Re3 Nxc1 23. Bxc1 Bg5 24. Rg3 Bxd2 25. Bxd2 Qxc4 26. Bc3 Qd5 27.
Kh2 Rc4 28. Qe2 Rdc8 29. Bd2 Rc2 30. Qg4 Qxe5 31. Bf4 Qf6 32. Be3 R2c4 33. Qh5
Rh4 34. Qb5 Qe7 35. Qe5 f6 36. Qb5 e5 37. Qa6 Rhc4 38. Qb5 Qe6 39. Qa6 Qd7 40.
Qa3 f5 41. Rg6 Qf7 42. Rd6 f4 43. Bd2 Rd4 44. Rxd4 exd4 45. Qd6 Qc7 46. Qxd4
Rd8 47. Qb2 Qd6 48. Bc3 f3+ 49. g3 Rd7 50. Bb4 Qd4 51. Bc3 Qc4 52. Bxg7+ Rxg7
53. Qf6 Qe4 54. Qxh6+ Kg8 55. Qd6 Re7 56. Qd8+ Kf7 57. Qh8 Qe2 58. Qh5+ Ke6 59.
Qg6+ Kd5 60. Qf5+ Kd6 61. Qf6+ Kc7 62. Qc3+ Kb8 63. Qd4 Rd7 64. Qf4+ Kb7 65. h4
Qxf2+ 66. Kh3 Qg2+ 67. Kg4 f2 0-1

[Event "Jm KP I 23-24 Loko Brno A- Rudice"]
[Site "?"]
[Date "2024.01.21"]
[Round "31.3"]
[White "Straka, Vojtech"]
[Black "Hnilicka, Michal"]
[Result "1-0"]
[WhiteElo "1989"]
[BlackElo "1842"]
[PlyCount "63"]
[EventDate "2023.10.22"]

1. c4 e5 2. Nc3 Nf6 3. g3 Nc6 4. Bg2 Bc5 5. e3 O-O 6. a3 a5 7. Nge2 Ne7 8. d4
exd4 9. exd4 Ba7 10. Bg5 c6 11. Bxf6 gxf6 12. O-O Ng6 13. d5 Ne5 14. b3 f5 15.
Qc2 Qg5 16. Nf4 h5 17. Qe2 Ng4 18. h4 Qg7 19. Qd3 Qh8 20. Rac1 d6 21. dxc6 bxc6
22. Qxd6 Bb8 23. Qxc6 Bxf4 24. Qxa8 Bxc1 25. Rxc1 Qd4 26. Qf3 Re8 27. Qf4 Qd3
28. Bc6 Re6 29. Bd5 Rg6 30. Qc7 Be6 31. Bxe6 fxe6 32. Rd1 1-0

[Event "Jm KP I 23-24 Loko Brno A- Rudice"]
[Site "?"]
[Date "2024.01.21"]
[Round "31.4"]
[White "Matuska, Jan"]
[Black "Wunsch, Radek"]
[Result "0-1"]
[WhiteElo "1874"]
[BlackElo "1945"]
[PlyCount "44"]
[EventDate "2023.10.22"]

1. e4 Nc6 2. Nc3 e5 3. Nf3 Nf6 4. Be2 d5 5. exd5 Nxd5 6. O-O Nxc3 7. bxc3 Bd6
8. d4 O-O 9. a4 Re8 10. Bc4 Bg4 11. h3 Bh5 12. g4 Bg6 13. Bg5 Be7 14. Bxe7 Qxe7
15. Bb5 Qf6 16. Rb1 Bxc2 17. Qxc2 Qxf3 18. Be2 Qxh3 19. Rxb7 exd4 20. Rxc7 Re6
21. Qf5 Ne7 22. Qb5 Rh6 0-1

[Event "Jm KP I 23-24 Loko Brno A- Rudice"]
[Site "?"]
[Date "2024.01.21"]
[Round "31.5"]
[White "Zabloudil, Radek"]
[Black "Nejezchleb, Drahos"]
[Result "1/2-1/2"]
[WhiteElo "1935"]
[BlackElo "1988"]
[PlyCount "60"]
[EventDate "2023.10.22"]

1. e4 e5 2. Nc3 Nc6 3. g3 Nf6 4. Bg2 Bc5 5. Nge2 d6 6. Na4 Bb6 7. Nxb6 axb6 8.
O-O O-O 9. d3 h6 10. f4 Nh7 11. f5 Bd7 12. Be3 f6 13. h4 Qe7 14. Qd2 Nd8 15.
Kh2 Nf7 16. Bf3 Kh8 17. Ng1 Ra6 18. Nh3 Rfa8 19. a3 c5 20. g4 b5 21. Rad1 Ra4
22. Rg1 b4 23. axb4 Rxb4 24. b3 Rb6 25. g5 fxg5 26. Bh5 gxh4 27. Bxf7 Qxf7 28.
Rg4 Rba6 29. Rxh4 Qf6 30. Rg4 g5 1/2-1/2

[Event "Jm KP I 23-24 Loko Brno A- Rudice"]
[Site "?"]
[Date "2024.01.21"]
[Round "31.6"]
[White "Toulec, Richard"]
[Black "Hruza, Dominik"]
[Result "1/2-1/2"]
[WhiteElo "1700"]
[BlackElo "1890"]
[PlyCount "39"]
[EventDate "2023.10.22"]

1. d4 d5 2. c4 c6 3. cxd5 cxd5 4. Nc3 Nc6 5. Nf3 Nf6 6. Bf4 e6 7. e3 a6 8. Bd3
Be7 9. h3 O-O 10. O-O b5 11. Rc1 Bb7 12. Bb1 Rc8 13. Qd3 Qb6 14. Ne5 Rfd8 15.
Bg5 g6 16. a3 Kg7 17. Qe2 Nxe5 18. dxe5 Ng8 19. Bxe7 Nxe7 20. Qg4 1/2-1/2

[Event "Jm KP I 23-24 Loko Brno A- Rudice"]
[Site "?"]
[Date "2024.01.21"]
[Round "31.7"]
[White "Martisek, Karel"]
[Black "Crhonek, Vitezslav"]
[Result "1-0"]
[WhiteElo "1769"]
[BlackElo "1679"]
[PlyCount "53"]
[EventDate "2023.10.22"]

1. d4 Nf6 2. Nf3 g6 3. e3 Bg7 4. c4 d6 5. Nc3 O-O 6. Bd2 c5 7. dxc5 dxc5 8. Qc2
Nc6 9. a3 e5 10. Rd1 Be6 11. Be2 Qb8 12. Ng5 Bf5 13. Qc1 e4 14. h4 Ne5 15. Qc2
Nd3+ 16. Kf1 Re8 17. Nh3 Ne5 18. Nf4 Neg4 19. Ncd5 Nxd5 20. Nxd5 b6 21. Bc3 Ne5
22. Bxe5 Rxe5 23. h5 Qd6 24. g4 Bc8 25. hxg6 Qxg6 26. Rh5 Rxh5 27. Ne7+ 1-0

[Event "Jm KP I 23-24 Loko Brno A- Rudice"]
[Site "?"]
[Date "2024.01.21"]
[Round "31.8"]
[White "Brus, Jiri"]
[Black "Vacekova, Anita"]
[Result "0-1"]
[WhiteElo "1494"]
[BlackElo "1612"]
[PlyCount "70"]
[EventDate "2023.10.22"]

1. d4 d5 2. Nf3 Nf6 3. c4 e6 4. e3 Nbd7 5. Be2 dxc4 6. O-O b5 7. a4 c6 8. axb5
cxb5 9. b3 Nb6 10. bxc4 bxc4 11. Bxc4 Nxc4 12. Qa4+ Bd7 13. Qxc4 Rb8 14. Rd1
Be7 15. Ba3 Bb5 16. Bxe7 Qxe7 17. Qc5 a6 18. Qxe7+ Kxe7 19. Rc1 Nd5 20. Nc3
Nxc3 21. Rxc3 Rhc8 22. Rc5 Rxc5 23. dxc5 Rc8 24. Rc1 f6 25. Nd4 g6 26. f4 e5
27. fxe5 fxe5 28. Nb3 Ke6 29. Kf2 Rf8+ 30. Ke1 Rf1+ 31. Kd2 Rf2+ 32. Kc3 Rxg2
33. Rd1 Re2 34. Rd6+ Ke7 35. Nd4 Rxe3+ 0-1

[Event "Jm KP I 23-24 Letovice-Hodonin"]
[Site "?"]
[Date "2024.01.21"]
[Round "32.1"]
[White "Handl, Martin"]
[Black "Havelka, Ondrej"]
[Result "0-1"]
[WhiteElo "1988"]
[BlackElo "2152"]
[PlyCount "98"]
[EventDate "2024.??.??"]

1. e4 e6 2. d4 d5 3. Nc3 Nf6 4. Bg5 Bb4 5. e5 h6 6. Bd2 Bxc3 7. bxc3 Ne4 8. Bd3
Nxd2 9. Qxd2 c5 10. f4 Nc6 11. Nf3 Qa5 12. c4 Qxd2+ 13. Kxd2 cxd4 14. cxd5 exd5
15. Bb5 Bd7 16. Bxc6 bxc6 17. Nxd4 c5 18. Nf3 Rb8 19. Rab1 Ke7 20. Rb3 Ba4 21.
Rbb1 Rb6 22. Rxb6 axb6 23. Rb1 Rb8 24. f5 Bd7 25. g4 b5 26. c3 Ra8 27. Rb2 Ra4
28. h3 h5 29. gxh5 Rf4 30. f6+ gxf6 31. exf6+ Kxf6 32. Ke3 Rf5 33. h6 Rh5 34.
h4 Rxh6 35. Rf2 Ke7 36. Ne5 Be6 37. Rf4 Rh5 38. Nf3 Bd7 39. Ne1 f5 40. Nd3 Kd6
41. Nb2 Rh8 42. a4 bxa4 43. Nxa4 Rb8 44. h5 c4 45. Kd4 Rb1 46. h6 Rd1+ 47. Ke3
Rh1 48. Nb6 Be6 49. Kd4 Rh3 0-1

[Event "Jm KP I 23-24 Letovice-Hodonin"]
[Site "?"]
[Date "2024.01.21"]
[Round "32.2"]
[White "Pesak, Roman"]
[Black "Sevcik, Leos"]
[Result "1/2-1/2"]
[WhiteElo "1908"]
[BlackElo "1967"]
[PlyCount "41"]
[EventDate "2024.??.??"]

1. e4 d5 2. exd5 Qxd5 3. Nc3 Qa5 4. d4 c6 5. Bd2 Qc7 6. Nf3 Nf6 7. h3 Bf5 8. a3
e6 9. Nh4 Bg6 10. Nxg6 hxg6 11. Be3 Nbd7 12. Bd3 Bd6 13. Qd2 e5 14. O-O-O O-O-O
15. g3 exd4 16. Bxd4 Bc5 17. Be3 Bxe3 18. Qxe3 Kb8 19. f4 Rhe8 20. Qf2 Qb6 21.
Qxb6 1/2-1/2

[Event "Jm KP I 23-24 Letovice-Hodonin"]
[Site "?"]
[Date "2024.01.21"]
[Round "32.3"]
[White "Dvoracek, Filip"]
[Black "Provaznik, Michal"]
[Result "1/2-1/2"]
[WhiteElo "1848"]
[BlackElo "2078"]
[PlyCount "49"]
[EventDate "2024.??.??"]

1. e4 c5 2. Nc3 g6 3. g3 Bg7 4. Bg2 Nc6 5. d3 d6 6. f4 e6 7. Nf3 Nge7 8. Ne2
O-O 9. c3 f5 10. O-O Qc7 11. Qb3 Na5 12. Qc2 Bd7 13. b3 Rac8 14. Bb2 fxe4 15.
dxe4 c4 16. b4 Nac6 17. Rad1 Nd8 18. Bc1 Nf7 19. Be3 b6 20. Qd2 Rcd8 21. Bd4 e5
22. Be3 h6 23. Nh4 Qc8 24. Qc2 g5 25. fxg5 1/2-1/2

[Event "Jm KP I 23-24 Letovice-Hodonin"]
[Site "?"]
[Date "2024.01.21"]
[Round "32.4"]
[White "Kladnak, Martin"]
[Black "Pucalka, Vojtech"]
[Result "1-0"]
[WhiteElo "2035"]
[BlackElo "1855"]
[PlyCount "57"]
[EventDate "2024.??.??"]

1. e4 c6 2. Nf3 d5 3. Nc3 Bg4 4. h3 Bh5 5. g4 Bg6 6. exd5 cxd5 7. Ne5 Nc6 8.
Bb5 Rc8 9. h4 d4 10. h5 Bxc2 11. Qf3 Nf6 12. Nxc6 bxc6 13. Bxc6+ Nd7 14. Nb5
Ba4 15. O-O Bxb5 16. Bxb5 e6 17. d3 Rc5 18. Ba4 Bd6 19. Bf4 e5 20. Bd2 O-O 21.
Bb4 e4 22. dxe4 Ne5 23. Qh3 Qg5 24. f4 Qxg4+ 25. Qxg4 Nxg4 26. Rfd1 a5 27. Bxc5
Bxc5 28. Rac1 Rc8 29. Bd7 1-0

[Event "Jm KP I 23-24 Letovice-Hodonin"]
[Site "?"]
[Date "2024.01.21"]
[Round "32.5"]
[White "Jacko, Tomas"]
[Black "Travnicek, Petr"]
[Result "1/2-1/2"]
[WhiteElo "2048"]
[BlackElo "2074"]
[PlyCount "87"]
[EventDate "2024.??.??"]

1. d4 Nf6 2. Bf4 d5 3. e3 Bf5 4. c4 e6 5. Qb3 b6 6. Nc3 Bd6 7. Bg3 O-O 8. Nf3
Nc6 9. cxd5 exd5 10. Rc1 Na5 11. Qa4 Bxg3 12. hxg3 c5 13. Ba6 Rb8 14. O-O Bd7
15. Bb5 Bf5 16. Rfd1 c4 17. Ne5 Qd6 18. b3 a6 19. Bxa6 Ra8 20. Qb5 cxb3 21.
axb3 Nxb3 22. Qxb3 Rxa6 23. Nb5 Qd8 24. Nc7 Ra7 25. Qxb6 Ra2 26. Qb3 Ra7 27.
Qb6 Ra2 28. Nc6 Qd7 29. Na6 Ng4 30. Ne5 Nxe5 31. dxe5 Be4 32. Nc5 Qf5 33. Nxe4
dxe4 34. Rf1 Qxe5 35. Rc4 f5 36. Rc7 Rb2 37. Qa7 Rd8 38. Re7 Qf6 39. Qc7 Rbd2
40. Qc4+ Kh8 41. Qf7 Qxf7 42. Rxf7 g6 43. g4 R8d7 44. Rxd7 1/2-1/2

[Event "Jm KP I 23-24 Letovice-Hodonin"]
[Site "?"]
[Date "2024.01.21"]
[Round "32.6"]
[White "Skocik, Marek"]
[Black "Marek, Jiri"]
[Result "0-1"]
[WhiteElo "1930"]
[BlackElo "1876"]
[PlyCount "90"]
[EventDate "2024.??.??"]

1. d4 d5 2. Bf4 Nf6 3. e3 Bf5 4. c4 e6 5. Nc3 c6 6. Qb3 Qb6 7. c5 Qxb3 8. axb3
Nbd7 9. h3 Be7 10. b4 O-O 11. b5 e5 12. dxe5 Ne4 13. Nxe4 Bxe4 14. b4 g5 15.
Bh2 f6 16. bxc6 bxc6 17. f3 Bf5 18. Ba6 Nxe5 19. Bxe5 fxe5 20. Bb7 Rab8 21.
Rxa7 Bxc5 22. bxc5 Rf7 23. Ne2 Rfxb7 24. Rxb7 Rxb7 25. O-O Bd3 26. Rf2 Rb5 27.
Ng3 Rxc5 28. Rd2 Bg6 29. e4 d4 30. Kf2 Kf7 31. Ke2 Ke6 32. Ra2 Rb5 33. Kd3 Rb7
34. Ne2 Kd6 35. Nc1 Bf7 36. Ra6 Kc5 37. Kc2 Bc4 38. Ra5+ Kd6 39. Ra8 Bf1 40.
Rg8 Bxg2 41. Rxg5 Bxf3 42. Kd3 c5 43. Nb3 c4+ 44. Kxc4 Bxe4 45. Rh5 Bd5+ 0-1

[Event "Jm KP I 23-24 Letovice-Hodonin"]
[Site "?"]
[Date "2024.01.21"]
[Round "32.7"]
[White "Mizak, Jan"]
[Black "Vlcko, Tomas"]
[Result "1/2-1/2"]
[WhiteElo "1849"]
[BlackElo "1860"]
[PlyCount "64"]
[EventDate "2024.??.??"]

1. d4 Nf6 2. Bf4 d5 3. e3 Bf5 4. Nd2 e6 5. Ngf3 Be7 6. Be2 O-O 7. Nh4 Nbd7 8.
Nxf5 exf5 9. h3 Ne4 10. Nxe4 dxe4 11. c3 Nf6 12. Qb3 b6 13. O-O Bd6 14. Bxd6
Qxd6 15. Qb5 Qd5 16. Qxd5 Nxd5 17. c4 Ne7 18. b4 c6 19. a4 a6 20. Rfc1 a5 21.
bxa5 bxa5 22. Rab1 Rfb8 23. c5 Nd5 24. Bc4 Rxb1 25. Rxb1 Nb4 26. g3 Kf8 27. Kg2
Ke7 28. h4 Rd8 29. Rb2 h6 30. Rb1 Kf6 31. Rh1 Rb8 32. Rb1 Rd8 1/2-1/2

[Event "Jm KP I 23-24 Letovice-Hodonin"]
[Site "?"]
[Date "2024.01.21"]
[Round "32.8"]
[White "Taptic, Filip"]
[Black "Trmac, Radek"]
[Result "1/2-1/2"]
[WhiteElo "1842"]
[BlackElo "1755"]
[PlyCount "32"]
[EventDate "2024.??.??"]

1. e4 e6 2. d4 d5 3. Bd3 dxe4 4. Bxe4 Nf6 5. Bf3 c5 6. c3 cxd4 7. cxd4 Bb4+ 8.
Nc3 O-O 9. Nge2 Nd5 10. O-O Qa5 11. Qb3 Rd8 12. a3 Bxc3 13. bxc3 Nc6 14. c4 Nb6
15. Be3 Qa6 16. c5 Nd5 1/2-1/2

[Event "Jm KP I 23-24 Duras B-Kurim B"]
[Site "?"]
[Date "2024.01.21"]
[Round "33.1"]
[White "Tikovsky, Alexandr"]
[Black "Soucek, Andrej"]
[Result "1/2-1/2"]
[WhiteElo "2051"]
[BlackElo "1731"]
[PlyCount "64"]
[EventDate "2022.02.06"]

1. d4 Nf6 2. Nf3 d5 3. Bf4 Bf5 4. e3 e6 5. Nbd2 Bd6 6. Ne5 O-O 7. g4 Bxe5 8.
dxe5 Nxg4 9. h3 Nh6 10. Rg1 Kh8 11. Bg5 Qe8 12. Bxh6 gxh6 13. Qh5 f6 14. Qxh6
Qf7 15. Nf3 Nc6 16. exf6 Qxf6 17. Qxf6+ Rxf6 18. c3 Rg8 19. Rxg8+ Kxg8 20. Nd4
Nxd4 21. cxd4 Rh6 22. Rc1 c6 23. Rc3 Bxh3 24. Rb3 Bxf1 25. Kxf1 Rg6 26. Rxb7 h5
27. Rxa7 h4 28. Ra8+ Kg7 29. Ra7+ Kg8 30. Ra8+ Kg7 31. Ra7+ Kg8 32. Ra8+ Kg7
1/2-1/2

[Event "Jm KP I 23-24 Duras B-Kurim B"]
[Site "?"]
[Date "2024.01.21"]
[Round "33.2"]
[White "Dumkova, Daniela"]
[Black "Novy, Martin"]
[Result "0-1"]
[WhiteElo "1907"]
[BlackElo "2084"]
[PlyCount "116"]
[EventDate "2022.02.06"]

1. d4 Nf6 2. c4 d6 3. f3 e5 4. dxe5 dxe5 5. Qxd8+ Kxd8 6. Nc3 Be6 7. e4 Bc5 8.
Bg5 c6 9. Bd3 Nbd7 10. Nge2 Kc7 11. a3 a5 12. Na4 Bd6 13. Be3 b6 14. Rc1 Nc5
15. Nxc5 Bxc5 16. Bxc5 bxc5 17. Nc3 Nd7 18. Na4 g5 19. h3 h5 20. Kf2 Rag8 21.
g3 h4 22. Rcg1 hxg3+ 23. Rxg3 Rh4 24. Bf1 f6 25. Kg1 Rb8 26. Rh2 Rb3 27. Rf2
Rxe4 28. Rxg5 Rf4 29. Rg7 Kc8 30. Rd2 Rd4 31. Rxd4 cxd4 32. Re7 Bf5 33. Kf2 Kd8
34. Rg7 Nb6 35. Rb7 Nxa4 36. Rxb3 Kc7 37. f4 e4 38. h4 e3+ 39. Kf3 Nc5 40. Rxe3
dxe3 41. Kxe3 a4 42. h5 Kd6 43. h6 Bh7 44. Kd4 Ne6+ 45. Ke3 Kc5 46. f5 Nd4 47.
Bd3 Nb3 48. Kf4 Kd4 49. Be4 c5 50. Bc6 Nc1 51. Bxa4 Nd3+ 52. Kg4 Nxb2 53. Be8
Nxc4 54. Bg6 Ne5+ 55. Kh5 c4 56. Bxh7 c3 57. Bg8 c2 58. h7 c1=Q 0-1

[Event "Jm KP I 23-24 Duras B-Kurim B"]
[Site "?"]
[Date "2024.01.21"]
[Round "33.3"]
[White "Kredl, Karel"]
[Black "Bocek, Tadeas"]
[Result "1-0"]
[WhiteElo "2061"]
[BlackElo "1852"]
[PlyCount "27"]
[EventDate "2022.02.06"]

1. d4 e6 2. c4 d5 3. Nf3 Nf6 4. Nc3 Be7 5. Bf4 O-O 6. e3 b6 7. cxd5 exd5 8. Bd3
Bb7 9. Ne5 Nbd7 10. O-O c5 11. Qf3 Rc8 12. Bf5 g6 13. Bh6 Re8 14. Bxd7 1-0

[Event "Jm KP I 23-24 Duras B-Kurim B"]
[Site "?"]
[Date "2024.01.21"]
[Round "33.4"]
[White "Kudla, Vladimir"]
[Black "Tuma, Miroslav"]
[Result "1-0"]
[WhiteElo "1866"]
[BlackElo "1836"]
[PlyCount "37"]
[EventDate "2022.02.06"]

1. e4 c5 2. c3 d5 3. exd5 Qxd5 4. d4 Nc6 5. Nf3 Bg4 6. Be2 e6 7. O-O Nf6 8. Be3
cxd4 9. cxd4 a6 10. Nc3 Qd6 11. h3 Bh5 12. Qb3 Qb4 13. Qxb4 Bxb4 14. Rac1 O-O
15. g4 Bg6 16. Ne5 Nxe5 17. dxe5 Ne4 18. Nxe4 Bxe4 19. Rc4 1-0

[Event "Jm KP I 23-24 Duras B-Kurim B"]
[Site "?"]
[Date "2024.01.21"]
[Round "33.5"]
[White "Chmelicek, Bronislav"]
[Black "Pesl, Jan"]
[Result "1/2-1/2"]
[WhiteElo "1855"]
[BlackElo "1783"]
[PlyCount "25"]
[EventDate "2022.02.06"]

1. e4 Nf6 2. Nc3 d5 3. exd5 Nxd5 4. Bc4 Nb6 5. Bb3 Nc6 6. a3 Bf5 7. d3 e6 8.
Nge2 Be7 9. O-O O-O 10. Bf4 a6 11. Re1 Re8 12. Qd2 Nd5 13. Nxd5 1/2-1/2

[Event "Jm KP I 23-24 Duras B-Kurim B"]
[Site "?"]
[Date "2024.01.21"]
[Round "33.6"]
[White "Nemec, Jakub"]
[Black "Barak, David"]
[Result "0-1"]
[WhiteElo "1738"]
[BlackElo "2131"]
[PlyCount "94"]
[EventDate "2022.02.06"]

1. e4 c6 2. d4 d5 3. exd5 cxd5 4. c4 Nf6 5. Nc3 e6 6. Nf3 Be7 7. a3 dxc4 8.
Bxc4 O-O 9. O-O Nbd7 10. Bg5 Nb6 11. Ba2 Bd7 12. Qd3 Bc6 13. Bb1 g6 14. Ne5 Bd5
15. h4 Nfd7 16. Nxd5 Nxd5 17. Bh6 Re8 18. h5 Nxe5 19. dxe5 Bg5 20. Bxg5 Qxg5
21. hxg6 hxg6 22. Qg3 Qxg3 23. fxg3 Rad8 24. Re1 Re7 25. Be4 Red7 26. Rac1 Ne7
27. Rc2 b6 28. Rec1 Nd5 29. Bxd5 Rxd5 30. Re2 Rd2 31. Rc2 Rxc2 32. Rxc2 Rd3 33.
Kf2 Rb3 34. g4 g5 35. Rc8+ Kg7 36. Rc2 a5 37. Rd2 Kf8 38. Rc2 Ke8 39. Rd2 Ke7
40. Kf1 Rb5 41. Re2 Rc5 42. Kf2 Kd7 43. Kf3 Kc6 44. Re3 Rb5 45. b3 Kd5 46. Ke2
Kd4 47. Kd2 Rd5 0-1

[Event "Jm KP I 23-24 Duras B-Kurim B"]
[Site "?"]
[Date "2024.01.21"]
[Round "33.7"]
[White "Hyrs, Martin"]
[Black "Bauer, Miroslav"]
[Result "1/2-1/2"]
[WhiteElo "1834"]
[BlackElo "1700"]
[PlyCount "41"]
[EventDate "2022.02.06"]

1. d4 d5 2. Nf3 Nf6 3. Bg5 Nbd7 4. e3 e6 5. Bd3 c6 6. O-O a6 7. c4 dxc4 8. Bxc4
b5 9. Bd3 c5 10. Be4 Ra7 11. dxc5 Bxc5 12. Nc3 O-O 13. Nd4 Qb6 14. Bf3 Bb7 15.
Nb3 Be7 16. e4 Rd8 17. Be3 Nc5 18. Qc2 Ba8 19. Rfd1 Rad7 20. Rxd7 Nfxd7 21. Rc1
1/2-1/2

[Event "Jm KP I 23-24 Duras B-Kurim B"]
[Site "?"]
[Date "2024.01.21"]
[Round "33.8"]
[White "Cihal, Jan"]
[Black "Fuchs, Ludek"]
[Result "1/2-1/2"]
[WhiteElo "1758"]
[BlackElo "1856"]
[PlyCount "51"]
[EventDate "2022.02.06"]

1. Nf3 d5 2. g3 g6 3. Bg2 Bg7 4. O-O e5 5. d3 Ne7 6. Nbd2 O-O 7. c3 c5 8. e4 d4
9. cxd4 cxd4 10. a4 Nbc6 11. Nc4 h6 12. Ne1 Na5 13. b3 b6 14. Bd2 Nxc4 15. bxc4
Nc6 16. f4 f6 17. Nf3 Bg4 18. Qc1 Kh7 19. h3 Be6 20. Rf2 Qd7 21. Kh2 f5 22.
fxe5 fxe4 23. dxe4 g5 24. Bxg5 hxg5 25. Qxg5 Bh6 26. Qh5 1/2-1/2

[Event "Jm KP I 23-24 Loko Brno B - Kurim A"]
[Site "?"]
[Date "2024.01.21"]
[Round "34.1"]
[White "Buchta, Vaclav"]
[Black "Majer, Jiri"]
[Result "1-0"]
[WhiteElo "2032"]
[BlackElo "2191"]
[PlyCount "65"]

1. c4 Nf6 2. Nc3 g6 3. d4 Bg7 4. e4 d6 5. Be2 O-O 6. Be3 Nc6 7. h3 e5 8. d5 Ne7
9. Nf3 Ne8 10. g4 f5 11. gxf5 gxf5 12. exf5 Bxf5 13. Qd2 Ng6 14. O-O-O Nf4 15.
Rdg1 Nxe2+ 16. Qxe2 Qd7 17. Nh4 Rf7 18. Rg5 Bxh3 19. Qh5 Nf6 20. Qf3 Bg4 21.
Qg2 h6 22. Rg6 Bh5 23. Rxh6 Qg4 24. Qxg4 Bxg4 25. Rg6 Bh5 26. Rg5 Kf8 27. Nf5
Bg4 28. Nh6 Bxh6 29. Rxh6 Ke7 30. Rgg6 Rg8 31. Bg5 Rxg6 32. Rxg6 Bf5 33. Rh6
1-0

[Event "Jm KP I 23-24 Loko Brno B - Kurim A"]
[Site "?"]
[Date "2024.01.21"]
[Round "34.2"]
[White "Nemec, David"]
[Black "Pribyl, Rene"]
[Result "1-0"]
[WhiteElo "2051"]
[BlackElo "1860"]
[PlyCount "59"]

1. e4 e5 2. Nf3 Nf6 3. Nxe5 d6 4. Nf3 Nxe4 5. d4 d5 6. Bd3 Bd6 7. O-O O-O 8. c4
c6 9. Nc3 Nxc3 10. bxc3 Nd7 11. Qc2 h6 12. Re1 b6 13. Ne5 Qc7 14. f4 Nf6 15.
Qf2 Bb7 16. f5 Nh7 17. f6 Nxf6 18. Bxh6 Ne4 19. Bxe4 dxe4 20. Bxg7 Kxg7 21.
Qg3+ Kf6 22. Rxe4 c5 23. Qh4+ Ke6 24. d5+ Bxd5 25. cxd5+ Kxd5 26. Rd1+ Ke6 27.
Nxf7+ Kxf7 28. Qh7+ Kf6 29. Rf1+ Kg5 30. h4# 1-0

[Event "Jm KP I 23-24 Loko Brno B - Kurim A"]
[Site "?"]
[Date "2024.01.21"]
[Round "34.3"]
[White "Marsa, Alexandr"]
[Black "Pavlik, Vladimir"]
[Result "1/2-1/2"]
[WhiteElo "1931"]
[BlackElo "1983"]
[PlyCount "62"]

1. d4 d5 2. c4 c6 3. Nc3 e6 4. e3 Nf6 5. Nf3 Nbd7 6. Bd3 dxc4 7. Bxc4 b5 8. Be2
Bb7 9. O-O a6 10. e4 c5 11. e5 Nd5 12. a4 b4 13. Ne4 h6 14. Nfd2 Be7 15. Nc4
O-O 16. Bf3 a5 17. Re1 Ba6 18. Ned6 Bxc4 19. Nxc4 N7b6 20. Nxb6 Qxb6 21. Bxd5
exd5 22. Qg4 Qe6 23. Qxe6 fxe6 24. Be3 c4 25. f4 h5 26. Rf1 g6 27. Kf2 Rac8 28.
Rac1 Rc6 29. Ke2 Rfc8 30. g3 Kg7 31. h3 Rh8 1/2-1/2

[Event "Jm KP I 23-24 Loko Brno B - Kurim A"]
[Site "?"]
[Date "2024.01.21"]
[Round "34.4"]
[White "Parak, Dominik"]
[Black "Kobylka, Jan"]
[Result "1-0"]
[WhiteElo "2033"]
[BlackElo "1884"]
[PlyCount "89"]

1. e4 c5 2. Nf3 d6 3. d4 cxd4 4. Nxd4 Nf6 5. Nc3 g6 6. Be2 Bg7 7. Be3 Nc6 8.
O-O O-O 9. h3 Bd7 10. Qd2 Rc8 11. Nxc6 Bxc6 12. Bf3 Qa5 13. Nd5 Qd8 14. c3 e6
15. Nxf6+ Bxf6 16. Bxa7 Bb5 17. Rfe1 b6 18. Qe3 Rc6 19. a4 Bc4 20. a5 bxa5 21.
Qd2 e5 22. Be3 Ra6 23. Be2 Qc7 24. Ra4 Bb3 25. Ra3 Bc4 26. Rea1 Rfa8 27. Ra4
Rc6 28. Bxc4 Rxc4 29. Qd5 Rc8 30. Rxa5 Qc6 31. Qxc6 R4xc6 32. Kf1 Kf8 33. Ke2
Ke8 34. Kd3 Kd7 35. Ra7+ R6c7 36. b4 Rb8 37. Rxc7+ Kxc7 38. Ra7+ Rb7 39. Rxb7+
Kxb7 40. Kc4 Be7 41. Kd5 h5 42. c4 Kc7 43. c5 dxc5 44. Bxc5 Bf6 45. Bd6+ 1-0